000 00248nam a2200121Ia 4500
100 _a#N/A
650 _aComputer/ IT
942 _cBK
654 _aDatatypes
245 _aJava 2.0 Platform (Preliminary user)
260 _b#N/A
546 _aENGLISH
999 _c31519
_d31519